[Event "San Jose de Balcarce Eiroa Cup 10th"]
[Site "San Jose de Balcarce"]
[Date "2017.12.14"]
[Round "4.2"]
[White "Arias, Juan Carlos1111"]
[Black "Palladino, Alberto"]
[Result "0-1"]
[WhiteElo "1600"]
[BlackElo "1834"]
[PlyCount "106"]
[EventDate "2017.11.30"]
[EventType "swiss"]
[EventRounds "5"]
[EventCountry "ARG"]
[SourceTitle "EXT 2024"]
[Source "ChessBase"]
[SourceDate "2023.10.10"]
[SourceVersion "1"]
[SourceVersionDate "2023.10.10"]
[SourceQuality "1"]

1. d4 d5 2. c4 c6 3. cxd5 cxd5 4. Bf4 Nc6 5. e3 Nf6 6. Bd3 e6 7. a3 a6 8. Nc3 h6 9. Qc2 Bd7 10. b4 Rc8 11. Qb2 Nh5 12. Bg3 Nxg3 13. hxg3 Be7 14. Nf3 Qc7 15. Ne2 Qb6 16. b5 Na5 17. a4 Nc4 18. Bxc4 Rxc4 19. 0-0 0-0 20. Ne5 Rc7 21. Rac1 Rxc1 22. Rxc1 Be8 23. Rc8 axb5 24. axb5 Qxb5 25. Qxb5 Bxb5 26. Rc7 Bxe2 27. Rxe7 b5 28. Rb7 f6 29. Nc6 Ra8 30. Re7 Ra1+ 31. Kh2 Rf1 32. Rxe6 Rxf2 33. Kg1 Rf1+ 34. Kh2 Rb1 35. Rd6 Bc4 36. Ne7+ Kf7 37. Nxd5 Bxd5 38. Rxd5 Ke6 39. Rc5 b4 40. g4 Re1 41. Rb5 Rxe3 42. Rxb4 Rd3 43. g3 g5 44. Rb6+ Kf7 45. Rb7+ Kg6 46. Rd7 h5 47. gxh5+ Kxh5 48. Rf7 Rd2+ 49. Kg1 Kg6 50. Rxf6+ Kg7 51. Rf5 Rd1+ 52. Rf1 Rxd4 53. Rf2 Rd1+ 0-1

[Event "San Jose de Balcarce Eiroa Cup 10th"]
[Site "San Jose de Balcarce"]
[Date "2017.12.09"]
[Round "3.1"]
[White "Palladino, Alberto"]
[Black "Lotito, Gustavo"]
[Result "0-1"]
[WhiteElo "1834"]
[BlackElo "2009"]
[PlyCount "168"]
[EventDate "2017.11.30"]
[EventType "swiss"]
[EventRounds "5"]
[EventCountry "ARG"]
[SourceTitle "EXT 2024"]
[Source "ChessBase"]
[SourceDate "2023.10.10"]
[SourceVersion "1"]
[SourceVersionDate "2023.10.10"]
[SourceQuality "1"]

1. e4 c5 2. d4 cxd4 3. Qxd4 Nf6 4. Nc3 Nc6 5. Qd1 g6 6. Nf3 Bg7 7. Be2 0-0 8. 0-0 d6 9. h3 h6 10. Be3 Be6 11. Qc1 Kh7 12. Rd1 Nd7 13. Nd5 Rc8 14. c3 Nde5 15. Nf4 Nxf3+ 16. Bxf3 Ne5 17. Be2 Bc4 18. Nd3 Qa5 19. f4 Nxd3 20. Bxd3 Bxd3 21. Rxd3 Rc4 22. Rd5 Qc7 23. Qc2 a5 24. Rad1 a4 25. a3 Qc6 26. Qd3 Rc8 27. Bf2 b5 28. f5 Be5 29. Bd4 e6 30. Bxe5 exd5 31. exd5 Qc5+ 32. Bd4 Qxd5 33. fxg6+ fxg6 34. Qe3 R8c7 35. Rd2 Rf7 36. Qg3 Rc8 37. Kh2 Qe6 38. Be3 d5 39. Bc5 Re8 40. Bd4 Rf1 41. Qc7+ Qe7 42. Qxe7+ Rxe7 43. Bc5 Re5 44. Bd6 Ref5 45. Bc5 h5 46. Re2 Rb1 47. h4 g5 48. Re7+ Kg6 49. hxg5 Rxg5 50. Re2 Rf5 51. g3 Kg5 52. Kg2 Kg4 53. Rd2 Re5 54. Bd6 Rf5 55. Rd4+ Kg5 56. Be7+ Kg6 57. Rd2 Re1 58. Bc5 Re4 59. Bb6 h4 60. gxh4 Rxh4 61. Bf2 Rg4+ 62. Bg3 Rfg5 63. Rd3 Kf7 64. Kf2 Ke6 65. Re3+ Kd7 66. Rf3 Kc6 67. Rf6+ Kc5 68. Bf4 Rg2+ 69. Kf3 Rg8 70. Be3+ Kc4 71. Rf4+ Kb3 72. Rb4+ Ka2 73. Rxb5 Rxb2 74. Rxd5 Kb3 75. Rb5+ Kxc3 76. Rc5+ Kb3 77. Rb5+ Ka2 78. Ra5 Rb3 79. Re5 Rxa3 80. Kf2 Rb3 81. Bd4 a3 82. Re2+ Rb2 83. Kf1 Rxe2 84. Kxe2 Kb1 0-1

[Event "Villa Diamante op"]
[Site "Villa Diamante"]
[Date "2015.08.16"]
[Round "5"]
[White "Moscato, Nestor Eduardo"]
[Black "Palladino, Alberto"]
[Result "0-1"]
[WhiteElo "1878"]
[BlackElo "1832"]
[PlyCount "80"]
[EventDate "2015.08.14"]
[EventType "swiss"]
[EventRounds "7"]
[EventCountry "ARG"]
[SourceTitle "EXT 2016"]
[Source "ChessBase"]
[SourceDate "2015.10.08"]
[SourceVersion "1"]
[SourceVersionDate "2015.10.08"]
[SourceQuality "1"]

1. e4 c5 2. Nf3 d6 3. Bb5+ Nd7 4. c4 a6 5. Ba4 Rb8 6. Nc3 e5 7. d3 Ngf6 8. Bg5 Be7 9. Bxd7+ Nxd7 10. Bxe7 Qxe7 11. Nd5 Qd8 12. a4 0-0 13. 0-0 Nf6 14. Qd2 Nxd5 15. cxd5 b5 16. b4 cxb4 17. Qxb4 a5 18. Qb3 b4 19. Nd2 Ba6 20. Rac1 h6 21. Rc2 Qd7 22. Rfc1 Rbc8 23. Nc4 Bxc4 24. Rxc4 Rxc4 25. Rxc4 Rc8 26. Kf1 Rc5 27. f3 Qa7 28. g3 g6 29. f4 Rxc4 30. Qxc4 exf4 31. gxf4 Qe3 32. e5 Qf3+ 33. Ke1 Qh1+ 34. Kd2 Qxh2+ 35. Kc1 Qg1+ 36. Kb2 Qf2+ 37. Kb3 Qf1 38. Qe4 Qd1+ 39. Ka2 Qc2+ 40. Ka1 b3 0-1